Le quiz des années 1960 - Statistiques

Statistiques générales
  • Ce quiz a été pris 30 774 fois
  • Le résultat moyen est 15 sur 30
Statistiques - réponses
Question Réponse % Correct
Président américain assassiné le 22 novembre 1963 à Dallas John F. Kennedy
98%
Période durant laquelle se déroulèrent des grèves et des manifestations d'étudiants en France et dont "Il est interdit d'interdire" est l'un des slogans les plus emblématiques Mai 68
81%
Groupe de rock britannique formé en 1962 par le chanteur Mick Jagger, le guitariste Keith Richards, le pianiste Ian Stewart et le guitariste Brian Jones Les Rolling Stones
75%
Accords signés entre le Gouvernement français et le FLN algérien le 18 mars 1962 mettant fin à la guerre d'Algérie Les accords d'{Évian}
72%
Chanteuse ayant remporté le concours de l'Eurovision en 1965 où elle représentait le Luxembourg avec le titre Poupée de cire, poupée de son France Gall
70%
Avion supersonique franco-britannique ayant réalisé son premier vol le 2 mars 1969 Le Concorde
67%
Musicien de jazz américain auquel rend hommage Claude Nougaro dans une chanson de 1965 Louis Armstrong
67%
Cosmonaute devenu le premier homme à voyager dans l'espace le 12 avril 1961 Youri Gagarine
65%
Sa déclaration "Vive le Québec libre !" en 1967 provoqua une grave crise politique entre le Canada et la France Charles de Gaulle
64%
Boxeur américain ayant gagné en notoriété suite à sa médaille d'or des poids mi-lourds aux Jeux Olympiques de Rome de 1960 Mohamed Ali
64%
Mission spatiale américaine lancée le 16 juillet 1969 à laquelle ont participé Neil Armstrong, Buzz Aldrin et Michael Collins afin de devenir les premiers hommes à poser le pied sur la Lune Apollo 11
62%
Festival de musique qui s'est tenu en août 1969 et qui est l'un des symboles de la culture hippie de l'époque Woodstock
62%
Film de Gérard Oury en 1966 avec Louis de Funès et Bourvil qui est resté pendant plus de trente ans le plus grand succès du box-office français La Grande Vadrouille
54%
Émission pour la jeunesse où l'on retrouvait Pimprenelle, Nicolas, Nounours et Ulysse le marchand de sable à partir de 1962 Bonne nuit les petits
52%
Héros fictif créé par Ian Fleming qui affronte le Dr. No dans le premier film qui lui est consacré en 1962 James Bond
49%
Feuilleton télévisé écrit et réalisé par Cécile Aubry diffusé à partir de 1965, dont les héros sont un garçon de six ans et un chien de montagne des Pyrénées Belle et Sébastien
48%
Ville qui a connu un "Printemps" en 1968 avant de subir une répression militaire soviétique Prague
48%
Émission de télévision française créée par Guy Lux et Claude Savarit en 1962 et dont la première ville victorieuse fut Dax Intervilles
47%
Chanteur français auteur de plusieurs chansons populaires durant la décennie comme Santiano, Stewball, Céline ou encore Adieu monsieur le professeur Hugues Aufray
44%
Épreuve d'athlétisme dans laquelle s'est illustré Dick Fosbury aux Jeux Olympiques de Mexico en 1968 Le saut en hauteur
43%
Pays qui a remporté la première édition du Championnat d'Europe de football en 1960 L'URSS
42%
Artiste américain auteur des œuvres Campbell's Soup Cans et Diptyque Marilyn dans les années 1960 Andy Warhol
38%
Ville italienne figurant dans le titre d'un succès d'Hervé Vilard en 1965 Capri
38%
Écrivain auteur de L'Eau des collines en 1963, composé de Jean de Florette et de Manon des sources Marcel Pagnol
35%
Édulcorant artificiel moins calorique que le sucre découvert accidentellement par James Schlatter en 1965 L'aspartame
33%
Réalisateur du film Le Bon, la Brute et le Truand en 1966 Sergio Leone
28%
Nom donné au Concile qui eut lieu de 1962 à 1965, ayant apporté d'importants changements à l'Église catholique dont la célébration de la messe en langue vivante plutôt qu'en latin Vatican II
26%
Écrivain qui a refusé le Prix Nobel de littérature qui lui était décerné en 1964 Jean-Paul Sartre
24%
Pays où a eu lieu la première transplantation cardiaque par Christiaan Barnard en 1967 L'Afrique du Sud
21%
Société hollandaise ayant inventé le magnétophone à cassettes et la cassette audio en 1961 Philips
17%
Aucun quiz correspondant
Distribution des résultats
% des personnes avec chaque résultat
Percentile par nombre de réponses
Votre historique - résultats
Vous n’avez pas pris ce quiz